000 03268cam a22004694i 4500
003 PE-LiUPU
005 20250731165418.0
008 151211s2012 pe grm 000 0 spa d
035 _a(Sirsi) a155483
040 _aPE-LiUPU
_bspa
_cPE-LiUPU
_erda
082 0 4 _a236.9
_bH76 T3
099 _aTT 3
_bH76 2012
100 1 _aHorna Santillán, Edgar Adolfo
_eautor
245 1 _aTeología del Juicio escatológico en los Salmos 75, 76 y 82 /
_cEdgr Adolfo Horna Santilán.
264 0 _c2012.
300 _a199 hojas
_c30 cm
336 _atext
_2rdacontent
337 _aunmediated
_2rdamedia
338 _avolume
_2rdacarrier
502 _aTesis
_b(Mg.) --
_cUniversidad Peruana Unión,
_d2012.
504 _aIncluye referencias
520 3 _aEsta investigación es un estudio exegético de naturaleza bibliográfica, cuyo análisis principal se concentra en la fuente primaria del Texto Masorético tal como aparece en la biblia Hebraica Stuttgartensia. Además, se consultan diversas obras (comentarios bíblicos y artículos académicos) publicadas después de la propuesta de Hermann Gunkel (1922) cobre los Salmos. Sin embargo, este trabajo no sigue los paradigmas establecidos por el pensamiento crítico filosófico de estos autores. El estudio empieza con la investigación de las imágenes poéticas sobre el juicio escatológico en los Salmos 75,76 y 82. Estas son analizadas literaria y contextualmente en el salterio y a los largo de todas las Sagradas Escritura con el propósito de comprender su correcto significado y su relación con la escatología del AT. Luego, se analiza exegéticamente los Salmos 75, 76 y 82 con el fin de comprender mejor el significado teológico de cada uno de ellos. Para ello, se sigue los principios del método gramático-histórico de interpretación. La exégesis abarca las áreas básicas de: análisis del texto (evaluación de las variantes a través de la crítica textual, aspectos gramaticales, sintaxis y traducción); el análisis del contexto literario del texto (colometría, estructura y aspectos formales como: paralelismos, repeticiones e imágenes); análisis del contexto histórico y la teología del texto (significado original y sus interpretaciones actuales). Finalmente, los conceptos resultantes han sido sintetizados y articulados para establecer una teología bíblica sobre el juicio divino en los Salmos 75, 76 y 82 y al mismo tiempo se busca establecer sus implicaciones en referencia a la escatología del Antiguo Testamento. Asimismo, el motivo del juicio es desarrollado siguiendo particularmente las expresiones e imágenes que unifican a los tres Salmos conceptual y teológicamente.
526 _aSEG44
526 _aSEG26
526 _aP151
526 _aP150
526 _aP149
526 _aP146
526 _aP145
526 _aP126
526 _aP125
526 _aP92
526 _aP75
526 _aP74
526 _aP27
526 _aP15
650 0 4 _aJuicio final
_vTesis.
630 0 4 _aBiblia
_pA.T.
_pSalmos
_xComentarios
_vTesis.
596 _a1
942 _2ddc
_cTESIS
999 _aTT 3 H76 2012
_wALPHANUM
_c8161
_iT01271
_d8161
_lCCODEBUL3
_mBUL
_q1
_r1
_sY
_tTESIS
_u2015-12-11
_xPOSGRADO
_PP85
_o.STAFF. Tesis
980 _81
_gALBERTO SANCHEZ Responsable de Automatización